000 00618nam a22002177a 4500
008 130422b xxu||||| |||| 00| 0 eng d
020 _a81-7808-212-8
037 _cavailable
040 _aMBSTU Library
_dMBSTU Library
082 _222
_a425
100 _aByrne, Donn
245 _aBasic Comprehensive Passages; with vocabulary activities and recall exercise
260 _aIndia
_bLongman
300 _a12cm
_b128 page
_f10
_g12 cm
600 _aEnglish Language
650 _2Comprehensive English
270 _aIndia
_bIndia
_dIndia
365 _b45.00
_d45.00
942 _2ddc
_cBK
999 _c178
_d178